Detalles MARC
| 000 -CABECERA |
| campo de control de longitud fija |
02483cam a2200301 i 4500 |
| 001 - NÚMERO DE CONTROL |
| campo de control |
15658 |
| 003 - IDENTIFICADOR DEL NÚMERO DE CONTROL |
| campo de control |
DO-SdUEMH |
| 005 - FECHA Y HORA DE LA ÚLTIMA TRANSACCIÓN |
| campo de control |
20260110155021.0 |
| 007 - CAMPO FIJO DE DESCRIPCIÓN FÍSICA--INFORMACIÓN GENERAL |
| campo de control de longitud fija |
ta |
| 008 - DATOS DE LONGITUD FIJA--INFORMACIÓN GENERAL |
| campo de control de longitud fija |
211105s2010 dr a|||gr|||| 000 0 spa|d |
| 040 ## - FUENTE DE LA CATALOGACIÓN |
| Centro catalogador/agencia de origen |
DO-SdUEMH |
| Lengua de catalogación |
spa |
| Normas de descripción |
rda |
| 041 ## - CÓDIGO DE LENGUA |
| Código de lengua del texto/banda sonora o título independiente |
spa |
| 082 14 - NÚMERO DE LA CLASIFICACIÓN DECIMAL DEWEY |
| Colección |
Colección Dominicana |
| Número de clasificación |
RD 306.7293 S486R |
| Número de documento/Ítem |
S486r |
| 084 ## - OTRO NÚMERO DE CLASIFICACIÓN |
| Item number |
08-00274 |
| 100 ## - ENTRADA PRINCIPAL--NOMBRE DE PERSONA |
| Nombre de persona |
SERNA MORENO, J. JESUS MARiA |
| Término indicativo de función/relación |
autor |
| 245 10 - MENCIÓN DE TÍTULO |
| Título |
República Dominicana : identidad y herencias anticulturales indígenas / |
| Mención de responsabilidad, etc. |
J. Jesús María Serna Moreno |
| 260 ## - PUBLICACIÓN, DISTRIBUCIÓN, ETC. |
| Date of publication, distribution, etc. |
2010 |
| 264 01 - PRODUCCIÓN, PUBLICACIÓN, DISTRIBUCIÓN, FABRICACIÓN Y COPYRIGHT |
| Lugar de producción, publicación, distribución, fabricación |
Santo Domingo, República Dominicana : |
| Nombre del de productor, editor, distribuidor, fabricante |
Archivo General de la Nación, |
| Fecha de producción, publicación, distribución, fabricación o copyright |
2010 |
| 300 ## - DESCRIPCIÓN FÍSICA |
| Extensión |
148 paginas : |
| Otras características físicas |
ilustraciones ; |
| Dimensiones |
23 cm. |
| 336 ## - TIPO DE CONTENIDO |
| Fuente |
rdacontent |
| Término de tipo de contenido |
texto |
| Código de tipo de contenido |
txt |
| 337 ## - TIPO DE MEDIO |
| Fuente |
rdamedia |
| Nombre del tipo de medio |
sin mediación |
| Código del tipo de medio |
n |
| 338 ## - TIPO DE SOPORTE |
| Fuente |
rdacarrier |
| Nombre del tipo de soporte |
volumen |
| Código del tipo de soporte |
nc |
| 490 ## - MENCIÓN DE SERIE |
| Mención de serie |
Archivo General de la Nación ; |
| Designación de volumen o secuencia |
108 |
| 504 ## - NOTA DE BIBLIOGRAFÍA, ETC. |
| Nota de bibliografía, etc. |
Bibliografías en paginas 137-138-139-140 |
| 505 #1 - NOTA DE CONTENIDO CON FORMATO |
| Nota de contenido con formato |
Prólogo / Franklin Franco -- Agradecimientos -- Prefacio -- Consideraciones preliminares a manera de introducción -- Capítulo I Enfoque metodología y conceptos -- Enfoque -- Enfoque latinoamericano en base a la propuesta de Darcy Ribeiro -- Aspectos metodológicos -- Darcy Ribeiro y la categoría Pueblos Nuevos -- La concepción no esencialista de lo étnico -- Algunos conceptos fundamentales para la investigación etnocultural -- La cultura -- La etnicidad -- La diversidad -- La identidad -- Identidad étnica y etnicidad -- La lengua -- Protoetnia y protocultura -- Transculturación -- El modo de vida mestizo de Pueblo Nuevo -- Capítulo II Los estudios sobre los taínos algunos textos y autores -- Clasificación de los taínos desde la llegada de los españoles elaborada por Irving Rouse -- Algunos elementos fundamentales sobre los taínos -- El complejo cultural Aruaco -- Instrumentos y tecnologías -- Capítulo III Supervivencias etnoculturales indígenas en la República Dominicana -- El estudio del etnos dominicano -- El indigenismo en la República Dominicana un debate sobre la identidad dominicana -- Los elementos etnoculturales indígenas en la historia de la República Dominicana -- El rastro de lo indígena en la República Dominicana -- Elementos etnoculturales indígenas y el trabajo de campo en la República Dominicana -- Primer viaje -- Segundo viaje a la República Dominicana -- Cultura material -- Cultura espiritual -- Otros -- Conclusiones -- Bibliografía -- Personas entrevistadas. |
| 942 ## - ELEMENTOS DE PUNTO DE ACCESO ADICIONAL (KOHA) |
| Fuente del sistema de clasificación o colocación |
Dewey Decimal Classification |
| Tipo de ítem Koha |
Libro |
| Suprimir en OPAC |
No |